|
|
|
|
| LEADER |
00000nam a2200000Ia 4500 |
| 008 |
161018b2003 c ||||| |||| 00| | spa d |
| 090 |
|
|
|a 06.05.03
|b 330
|
| 100 |
1 |
|
|9 759
|a García Fallas, Jacqueline
|
| 245 |
1 |
0 |
|a Desarrollo de herramientas educativas con formato tecnológico para la difusión y construcción de conocimiento en el campo de la Filosofía /
|c Jacqueline García Fallas
|
| 260 |
|
|
|a San José, Costa Rica :
|b IIMEC,
|c 2003
|
| 300 |
|
|
|a 46 páginas
|
| 500 |
|
|
|a El informe incluye un disco compacto titulado "Astronomía. Historia de la ciencia: Revolución astronómica del siglo XVI"
|
| 500 |
|
|
|a CD #71
|
| 520 |
|
|
|a Este proyecto responde a la necesidad de integrar las tecnologías de la información y la comunicación con los contenidos curriculares de historia de la Ciencia de la Escuela de Filosofía, situación que promueve la construcción de procesos de enseñanza y aprendizaje novedoso para la enseñanza de la Filosofía en el contexto de la educación superior. Los objetivos más importantes presentados en la investigación son: - Analizar los aspectos que fundamentan la producción de herramientas educativas con formato tecnológico. - Determinar los aspectos que caracterizan la producción de herramientas educativas tecnológicas con características lúdicas e interactivos. - Diseñar herramientas educativas con formato tecnológico para ser aplicadas en la Educación Superior en el campo de la Filosofía. Los resultados obtenidos fueron: - Se desarrolla una pagina web como medio de difusión y construcción del conocimiento filosófico en relación con la filosofía e historia de la ciencia. - La pagina web se convierte en una estrategia didáctica para propiciar procesos de aprendizaje en el área de filosofía y en escenarios universitarios.-
|
| 650 |
1 |
4 |
|a TECNOLOGÍA EDUCATIVA
|9 483
|
| 650 |
1 |
4 |
|a FILOSOFÍA
|9 336
|
| 942 |
|
|
|i 00436 ,003421 ,00437
|h 06.05.03 330
|2 z
|c 04
|
| 999 |
|
|
|c 1971
|d 1971
|